[Event "ARG-ch sf 93rd"]
[Site "Buenos Aires"]
[Date "2018.05.19"]
[Round "1"]
[White "Montes de Oca, Juan Jose"]
[Black "Villca, Julian"]
[Result "0-1"]
[WhiteElo "2022"]
[BlackElo "2312"]
[PlyCount "120"]
[EventDate "2018.05.19"]
[EventType "swiss"]
[EventRounds "9"]
[EventCountry "ARG"]
[SourceTitle "CBM 184 Extra"]
[Source "ChessBase"]
[SourceDate "2018.06.28"]
[SourceVersion "1"]
[SourceVersionDate "2018.06.28"]
[SourceQuality "1"]

1. e4 e5 2. Nf3 Nc6 3. Bc4 Bc5 4. Nc3 Nf6 5. d3 h6 6. Be3 Bb6 7. Nd5 0-0 8. Nxb6 axb6 9. 0-0 d5 10. exd5 Nxd5 11. Re1 Bg4 12. h3 Bh5 13. g4 Bg6 14. Bd2 Qd6 15. Nh4 Bh7 16. Qf3 Rad8 17. Qxd5 Qxd5 18. Bxd5 Rxd5 19. Bc3 b5 20. a3 Ra8 21. Kh2 f6 22. Kg3 Nd8 23. Ng2 g5 24. h4 c5 25. hxg5 hxg5 26. Rh1 Ne6 27. Rh6 Kg7 28. Rah1 Nf8 29. Ne3 Rd7 30. Nf5+ Bxf5 31. gxf5 Ra4 32. Bd2 Rdd4 33. Be3 Rd5 34. Kf3 c4 35. Ke2 cxd3+ 36. cxd3 b4 37. Bc1 bxa3 38. bxa3 e4 39. R6h3 Rxf5 40. dxe4 Rxe4+ 41. Re3 Ree5 42. Rxe5 Rxe5+ 43. Be3 Ne6 44. Rb1 b5 45. Kd3 Kg6 46. Rb4 f5 47. f3 Rd5+ 48. Ke2 Nc7 49. a4 Re5 50. Kd2 Rxe3 51. Kxe3 Nd5+ 52. Kd4 Nxb4 53. axb5 g4 54. fxg4 fxg4 55. Ke3 Nd5+ 56. Kf2 Kf5 57. Kg3 Kg5 58. Kf2 Kf4 59. Kg2 g3 60. Kf1 Kf3 0-1

[Event "Latin Cup-A 6th"]
[Site "Buenos Aires"]
[Date "2015.03.21"]
[Round "3"]
[White "Barbosa, Evandro Amorim"]
[Black "Montes de Oca, Juan Jose"]
[Result "1/2-1/2"]
[WhiteElo "2439"]
[BlackElo "2071"]
[PlyCount "59"]
[EventDate "2015.03.19"]
[EventType "swiss"]
[EventRounds "9"]
[EventCountry "ARG"]
[SourceTitle "CBM 165 Extra"]
[Source "ChessBase"]
[SourceDate "2015.04.21"]
[SourceVersion "1"]
[SourceVersionDate "2015.04.21"]
[SourceQuality "1"]

1. e4 e5 2. Nf3 Nc6 3. Nc3 Nf6 4. Bb5 Bb4 5. 0-0 Bxc3 6. bxc3 0-0 7. d3 Qe7 8. Bg5 h6 9. Bh4 d6 10. Re1 a6 11. Bc4 Na5 12. Bb3 Nxb3 13. axb3 b6 14. d4 Bb7 15. Nd2 Qe6 16. Qf3 Nd7 17. Re3 Rab8 18. d5 Qg6 19. g4 Bc8 20. Kh1 Re8 21. Rg1 f6 22. Nf1 Qh7 23. Bg3 g5 24. h4 Qf7 25. Bh2 Nf8 26. Ng3 Ng6 27. Nf5 Qh7 28. Qg2 Nf4 29. Bxf4 exf4 30. Rh3 1/2-1/2

[Event "Pinamar-A"]
[Site "Pinamar"]
[Date "2006.04.03"]
[Round "3"]
[White "Montes de Oca, Juan Jose"]
[Black "Claverie, Raul Ricardo"]
[Result "1/2-1/2"]
[WhiteElo "2121"]
[BlackElo "2409"]
[PlyCount "119"]
[EventDate "2006.04.02"]
[EventType "tourn"]
[EventRounds "9"]
[EventCountry "ARG"]
[SourceTitle "CBM 111 Extra"]
[Source "ChessBase"]
[SourceDate "2006.05.09"]
[SourceVersion "1"]
[SourceVersionDate "2006.05.09"]
[SourceQuality "1"]

1. d4 f5 2. g3 Nf6 3. Bg2 g6 4. c4 Bg7 5. Nc3 0-0 6. Nh3 d6 7. Nf4 e5 8. dxe5 dxe5 9. Qxd8 Rxd8 10. Nfd5 Nxd5 11. Nxd5 Rd7 12. e4 c6 13. Nc3 Na6 14. 0-0 Nb4 15. Be3 Nd3 16. Na4 f4 17. Bc1 Rd4 18. b3 Bf8 19. Rd1 Bg4 20. f3 Be6 21. Bf1 Nxc1 22. Rxd4 Nxb3 23. axb3 exd4 24. Nb2 fxg3 25. hxg3 Bb4 26. Nd3 Bc3 27. Ra3 a5 28. Nf4 Bf7 29. Bd3 Kf8 30. Ne2 b5 31. Kf1 Bb4 32. Ra1 c5 33. f4 a4 34. Nc1 Ra5 35. cxb5 axb3 36. b6 c4 37. b7 Rb5 38. Ra8+ Kg7 39. b8Q Rxb8 40. Rxb8 Bd6 41. Rb7 cxd3 42. Nxd3 Kf8 43. Nc1 Bc4+ 44. Ke1 g5 45. e5 Bd5 46. Rxb3 Bxb3 47. Nxb3 Bb4+ 48. Ke2 gxf4 49. Nxd4 fxg3 50. Kf3 Be1 51. Nf5 g2 52. Kxg2 Kf7 53. Nd4 Bc3 54. Nf3 Kg6 55. e6 Kf6 56. Kh3 Bb4 57. Kg4 Bf8 58. Ng5 h6 59. Nf7 Kxe6 60. Nxh6 1/2-1/2

[Event "Pinamar-A"]
[Site "Pinamar"]
[Date "2006.04.02"]
[Round "1"]
[White "Montes de Oca, Juan Jose"]
[Black "Liascovich, Lucas Agustin"]
[Result "1/2-1/2"]
[WhiteElo "2121"]
[BlackElo "2399"]
[PlyCount "44"]
[EventDate "2006.04.02"]
[EventType "tourn"]
[EventRounds "9"]
[EventCountry "ARG"]
[SourceTitle "CBM 111 Extra"]
[Source "ChessBase"]
[SourceDate "2006.05.09"]
[SourceVersion "1"]
[SourceVersionDate "2006.05.09"]
[SourceQuality "1"]

1. e4 c5 2. Nf3 Nc6 3. Bb5 d6 4. 0-0 Bd7 5. Re1 Nf6 6. c3 a6 7. Bf1 Bg4 8. h3 Bh5 9. d3 e6 10. Nbd2 Be7 11. g4 Bg6 12. Nh4 Nd7 13. Nxg6 hxg6 14. Nf3 Nde5 15. Be3 Bf6 16. Nxe5 Bxe5 17. d4 cxd4 18. cxd4 Bf6 19. d5 exd5 20. exd5 Ne7 21. Qb3 g5 22. Qxb7 0-0 1/2-1/2

[Event "Buenos Aires Banfield op"]
[Site "Buenos Aires"]
[Date "2005.12.21"]
[Round "9.4"]
[White "Dellepiani, Fernando"]
[Black "Montes de Oca, Juan Jose"]
[Result "1/2-1/2"]
[WhiteElo "2134"]
[BlackElo "2173"]
[PlyCount "34"]
[EventDate "2005.12.11"]
[EventType "swiss"]
[EventRounds "9"]
[EventCountry "ARG"]
[SourceTitle "EXT 2024"]
[Source "ChessBase"]
[SourceDate "2023.10.10"]
[SourceVersion "1"]
[SourceVersionDate "2023.10.10"]
[SourceQuality "1"]

1. d4 Nf6 2. c4 c5 3. d5 e6 4. Nc3 exd5 5. cxd5 d6 6. e4 g6 7. Nf3 a6 8. a4 Bg4 9. Be2 Bg7 10. h3 Bxf3 11. Bxf3 0-0 12. 0-0 Nbd7 13. Be2 Re8 14. Qc2 Qc7 15. a5 Rab8 16. Bd2 b5 17. axb6 Qxb6 1/2-1/2

[Event "Buenos Aires Banfield op"]
[Site "Buenos Aires"]
[Date "2005.12.16"]
[Round "6.4"]
[White "Montes de Oca, Juan Jose"]
[Black "Villanueva, Mario Nicolas"]
[Result "1/2-1/2"]
[WhiteElo "2173"]
[BlackElo "2210"]
[PlyCount "61"]
[EventDate "2005.12.11"]
[EventType "swiss"]
[EventRounds "9"]
[EventCountry "ARG"]
[SourceTitle "EXT 2024"]
[Source "ChessBase"]
[SourceDate "2023.10.10"]
[SourceVersion "1"]
[SourceVersionDate "2023.10.10"]
[SourceQuality "1"]

1. d4 Nf6 2. Nf3 g6 3. c4 Bg7 4. Nc3 0-0 5. e4 d6 6. Be2 Na6 7. h3 e5 8. dxe5 dxe5 9. Qxd8 Rxd8 10. Be3 c6 11. a3 Nc7 12. 0-0 Nh5 13. Rfd1 Be6 14. Ng5 Nf4 15. Bf1 b6 16. g3 Nh5 17. Nxe6 Nxe6 18. Rxd8+ Rxd8 19. b4 Nd4 20. Rc1 f5 21. exf5 gxf5 22. Bg2 f4 23. gxf4 Nxf4 24. Bxf4 exf4 25. Be4 Re8 26. f3 Re5 27. Kf2 Rg5 28. Ne2 Nxe2 29. Kxe2 c5 30. bxc5 bxc5 31. Rb1 1/2-1/2

[Event "Buenos Aires Banfield op"]
[Site "Buenos Aires"]
[Date "2005.12.15"]
[Round "5.2"]
[White "Quiroga, Facundo"]
[Black "Montes de Oca, Juan Jose"]
[Result "1-0"]
[WhiteElo "2290"]
[BlackElo "2173"]
[PlyCount "139"]
[EventDate "2005.12.11"]
[EventType "swiss"]
[EventRounds "9"]
[EventCountry "ARG"]
[SourceTitle "EXT 2024"]
[Source "ChessBase"]
[SourceDate "2023.10.10"]
[SourceVersion "1"]
[SourceVersionDate "2023.10.10"]
[SourceQuality "1"]

1. Nf3 d5 2. d4 Nf6 3. c4 c6 4. Nc3 a6 5. a4 Bf5 6. e3 e6 7. Be2 Nbd7 8. a5 Bd6 9. 0-0 0-0 10. Nh4 Bg6 11. Nxg6 hxg6 12. f4 Qe7 13. c5 Bc7 14. Bd3 Nh7 15. Qg4 Rfe8 16. b4 Ndf8 17. Qh3 f5 18. g4 Nf6 19. g5 Ne4 20. Nxe4 dxe4 21. Be2 Rad8 22. Qg3 Kf7 23. Ra2 Nd7 24. Bd1 Rh8 25. h4 Rdg8 26. Rh2 Ke8 27. Kf2 Nf8 28. Rfh1 Kd8 29. h5 gxh5 30. Rxh5 Rxh5 31. Rxh5 Ke8 32. Qh3 g6 33. Rh6 Bd8 34. Bb2 Qf7 35. Bb3 Be7 36. Ke2 Kd7 37. Kd1 Kd8 38. Kc2 Kd7 39. Kb1 Kd8 40. Ka2 Kd7 41. Qh1 Kc7 42. Rh8 Kd7 43. Bc4 Kc7 44. Rxg8 Qxg8 45. Qf1 Nd7 46. Bc3 Kb8 47. Ka3 Ka7 48. Qg2 Nf8 49. Qb2 Qf7 50. Qb3 Bd8 51. Bb2 Be7 52. Bc3 Kb8 53. Qa2 Qg8 54. Qh2 Kc7 55. Qh6 Kb8 56. Ba2 Kc7 57. Bb3 Kb8 58. Qh1 Kc7 59. Bc4 Kb8 60. Qh3 Bd8 61. Be2 Be7 62. d5 exd5 63. Be5+ Ka7 64. Bc7 Nd7 65. Qf1 Qc8 66. Bb6+ Nxb6 67. axb6+ Kb8 68. Qa1 Qd8 69. Kb3 Kc8 70. Bxa6 1-0

[Event "Najdorf Memorial op"]
[Site "Buenos Aires"]
[Date "2002.09.25"]
[Round "3.15"]
[White "Montes de Oca, Juan Jose"]
[Black "Malbran, Guillermo"]
[Result "1/2-1/2"]
[WhiteElo "2153"]
[BlackElo "2326"]
[PlyCount "60"]
[EventDate "2002.09.23"]
[EventType "swiss"]
[EventRounds "8"]
[EventCountry "ARG"]
[SourceTitle "CBM 090 Extra"]
[Source "ChessBase"]
[SourceDate "2002.11.07"]
[SourceVersion "1"]
[SourceVersionDate "2002.11.07"]
[SourceQuality "1"]

1. e4 Nf6 2. Nc3 d5 3. exd5 Nxd5 4. Bc4 Nb6 5. Bb3 c5 6. d3 Nc6 7. Nf3 e6 8. 0-0 Be7 9. Qe2 0-0 10. Ne4 Na5 11. Ne5 f6 12. Nc4 Nxb3 13. axb3 Nd5 14. f4 Qc7 15. Nc3 Nxc3 16. bxc3 Re8 17. Qe4 Bd7 18. Bd2 Bf8 19. Rfe1 a5 20. Nb2 b5 21. c4 b4 22. Qf3 g6 23. Na4 f5 24. Bc1 Bc6 25. Qf2 Bg7 26. Bb2 Bxa4 27. Bxg7 Kxg7 28. bxa4 e5 29. fxe5 Rxe5 30. Rxe5 Qxe5 1/2-1/2

[Event "Buenos Aires FMDA-chT"]
[Site "Buenos Aires"]
[Date "1998.??.??"]
[Round "1"]
[White "Rodriguez Vila, Andres"]
[Black "Montes de Oca, Juan Jose"]
[Result "1-0"]
[WhiteElo "2490"]
[BlackElo "2140"]
[PlyCount "43"]
[EventDate "1998.11.??"]
[EventType "team"]
[EventRounds "7"]
[EventCountry "ARG"]
[SourceTitle "EXT 2002"]
[Source "ChessBase"]
[SourceDate "2001.11.25"]
[SourceVersion "1"]
[SourceVersionDate "2001.11.25"]
[SourceQuality "1"]

1. e4 e5 2. f4 exf4 3. Nf3 d6 4. Bc4 g5 5. h4 g4 6. Ng5 Nh6 7. d4 Bg7 8. Bxf4 Nc6 9. c3 Qe7 10. 0-0 Bd7 11. Na3 0-0-0 12. Qd2 Rdf8 13. Rae1 Ng8 14. e5 dxe5 15. dxe5 Nd8 16. Qe3 b6 17. b4 Ne6 18. Qe4 Kb8 19. Ba6 c6 20. Nb5 Nxf4 21. Qxf4 Be6 22. Nd4 1-0

[Event "Buenos Aires FMDA-chT"]
[Site "Buenos Aires"]
[Date "1996.??.??"]
[Round "8"]
[White "Alonso, Salvador"]
[Black "Montes de Oca, Juan Jose"]
[Result "1-0"]
[WhiteElo "2215"]
[BlackElo "2125"]
[PlyCount "91"]
[EventDate "1996.??.??"]
[EventType "team"]
[EventRounds "8"]
[EventCountry "ARG"]
[SourceTitle "EXT 2001"]
[Source "ChessBase"]
[SourceDate "2000.11.22"]
[SourceVersion "1"]
[SourceVersionDate "2000.11.22"]
[SourceQuality "1"]

1. e4 e5 2. Nf3 Nc6 3. Bb5 a6 4. Ba4 Nf6 5. 0-0 Be7 6. Bxc6 dxc6 7. Qe1 Nd7 8. b3 0-0 9. Bb2 f6 10. d3 Qe8 11. Nc3 Nc5 12. Ne2 Bg4 13. Nd2 Ne6 14. f3 Bc5+ 15. Kh1 Bh5 16. Nc4 Qe7 17. c3 Rfd8 18. Rd1 Bf7 19. d4 exd4 20. cxd4 Bb4 21. Qg3 b5 22. Ne3 Bg6 23. d5 cxd5 24. Nxd5 Qf8 25. Nxc7 Nxc7 26. Qxc7 Rdc8 27. Qb7 Rab8 28. Qd5+ Bf7 29. Qd3 a5 30. Nd4 a4 31. Rc1 axb3 32. axb3 Bc5 33. Nxb5 Rd8 34. Qe2 Bxb3 35. e5 fxe5 36. Bxe5 Rbc8 37. Qb2 Bf7 38. Bd4 Bxd4 39. Nxd4 Rxc1 40. Rxc1 Qd6 41. Ne2 h6 42. Ng3 Bg6 43. Re1 Rb8 44. Qc3 Re8 45. Rxe8+ Bxe8 46. Qxg7+ 1-0

[Event "Villa Ballester Siembra op"]
[Site "Villa Ballester"]
[Date "1996.??.??"]
[Round "4"]
[White "Montes de Oca, Juan Jose"]
[Black "Fulgenzi, Ernesto"]
[Result "0-1"]
[WhiteElo "2125"]
[BlackElo "2325"]
[PlyCount "74"]
[EventDate "1996.??.??"]
[EventType "swiss"]
[EventRounds "9"]
[EventCountry "ARG"]
[SourceTitle "CBM 051 Extra"]
[Source "ChessBase"]
[SourceDate "1996.05.01"]
[SourceVersion "1"]
[SourceVersionDate "1996.05.01"]
[SourceQuality "1"]

1. e4 g6 2. d4 Bg7 3. Nc3 d6 4. f4 Nc6 5. Be3 Nh6 6. d5 Ng4 7. Bc1 Nb4 8. h3 Nf6 9. Nf3 0-0 10. Bc4 c6 11. a3 cxd5 12. exd5 Na6 13. Be3 Bd7 14. 0-0 Nc5 15. Nd4 Rc8 16. Ba2 b5 17. f5 Na4 18. Nxa4 bxa4 19. fxg6 hxg6 20. Qe2 Qa5 21. c4 Rb8 22. Kh2 Rb7 23. Rad1 Nh5 24. Rf3 Rfb8 25. Bc1 Be5+ 26. g3 Qc5 27. Qf2 Bf5 28. Kg1 Be4 29. Rc3 Rxb2 30. Bxb2 Rxb2 31. Qxb2 Bxd4+ 32. Rxd4 Qxd4+ 33. Kh2 Nxg3 34. Kxg3 Qe5+ 35. Kg4 f5+ 36. Kg5 f4+ 37. Kh6 Qh5# 0-1

[Event "Villa Ballester Siembra op"]
[Site "Villa Ballester"]
[Date "1996.??.??"]
[Round "2"]
[White "Montes de Oca, Juan Jose"]
[Black "Hoffman, Alejandro"]
[Result "1/2-1/2"]
[WhiteElo "2125"]
[BlackElo "2410"]
[PlyCount "99"]
[EventDate "1996.??.??"]
[EventType "swiss"]
[EventRounds "9"]
[EventCountry "ARG"]
[SourceTitle "CBM 051 Extra"]
[Source "ChessBase"]
[SourceDate "1996.05.01"]
[SourceVersion "1"]
[SourceVersionDate "1996.05.01"]
[SourceQuality "1"]

1. e4 c5 2. Nf3 d6 3. Bb5+ Bd7 4. Bxd7+ Nxd7 5. 0-0 Ngf6 6. Qe2 e6 7. c3 Be7 8. d4 0-0 9. Nbd2 Qc7 10. a4 Rac8 11. Re1 Rfe8 12. h3 Bf8 13. Nf1 a6 14. Ng3 cxd4 15. cxd4 Qc2 16. Bd2 Nb8 17. Rec1 Qb3 18. Bc3 d5 19. e5 Nfd7 20. Nd2 Qb6 21. f4 Nc6 22. Nf3 g6 23. Qf2 Na5 24. Nd2 Nb8 25. Ne2 Nbc6 26. g4 Nb4 27. Rf1 Rc7 28. Kh1 Nac6 29. f5 a5 30. fxe6 fxe6 31. Nf3 Qa6 32. Ng5 Bh6 33. Nf7 Bg7 34. Nd6 Rf8 35. Qg2 Nc2 36. Rxf8+ Bxf8 37. Rc1 N6b4 38. Ne8 Rc8 39. Nf6+ Kh8 40. Nf4 Be7 41. Qd2 Kg7 42. Kg2 Qc6 43. Rxc2 Nxc2 44. Qxc2 Bxf6 45. exf6+ Kxf6 46. Nd3 Kg7 47. Qe2 b6 48. Qe5+ Kg8 49. Nf4 Re8 50. Kg3 1/2-1/2